| 000 | 01140nam a2200265 i 4500 | ||
|---|---|---|---|
| 001 | bg | ||
| 245 | 0 | 0 |
_aReakcje biologiczne drzew na zanieczyszczenia przemysłowe : _bIII Krajowe Sympozjum Kórnik, 23-26 maja 1994 : materiały / _cpod red. Ryszarda Siweckiego ; Polska Akademia Nauk. Instytut Dendrologii Kórnik. _nT. 1. |
| 246 | 1 | 1 | _aBiological reactions of trees to industrial pollution |
| 260 |
_aPoznań : _b"Sorus", _c1996. |
||
| 300 |
_a[4], 374 s. : _bfot., mapy, rys., wykr. ; _c24 cm. |
||
| 500 | _aTyt. równol. : Biological reactions of trees to industrial pollution : III National Symposium Kórnik, 23-26 May 1994 : materials. - Przedm. także ang. | ||
| 504 | _aBibliogr., summ. przy ref. | ||
| 650 | 9 |
_aDrzewa _xbiologia |
|
| 650 | 9 | _aPrzemysł a drzewa | |
| 650 | 9 |
_aSzkody przemysłowe _xhigiena i ochrona |
|
| 655 | _aMateriały konferencyjne | ||
| 700 | 1 |
_aSIWECKI, Ryszard. _eRed. |
|
| 020 | _a8387133027 (2 t.) | ||
| 040 | _cBPK | ||
| 041 | 0 |
_apl _ben _gen |
|
| 080 | _a630.16:582.47+582.5/.9:504.05](061.3) | ||
| 920 | _a83-87133-02-7 (2 t.) | ||
| 942 | _cKS | ||
| 008 | s pl f |000 0 pol | ||
| 999 |
_c31374 _d31374 |
||
| 856 |
_uhttp://koha.tu.koszalin.pl/cgi-bin/koha/opac-detail.pl?biblionumber=31374 _yKatalog online BPK |
||